[Event "GER-chT U12"]
[Site "Magdeburg"]
[Date "2015.12.27"]
[Round "2.4"]
[White "Grunert, Wilhelm"]
[Black "Maas, Kolja"]
[Result "1-0"]
[WhiteElo "1355"]
[BlackElo "1139"]
[PlyCount "91"]
[EventDate "2015.12.27"]
[EventType "team-swiss"]
[EventRounds "7"]
[EventCountry "GER"]
[SourceTitle "EXT 2017"]
[Source "ChessBase"]
[SourceDate "2016.10.25"]
[SourceVersion "1"]
[SourceVersionDate "2016.10.25"]
[SourceQuality "1"]
[WhiteTeam "Muenchen Suedost"]
[BlackTeam "Luebeck"]
[WhiteTeamCountry "GER"]
[BlackTeamCountry "GER"]

1. e4 e5 2. Nf3 Nc6 3. Bb5 Nf6 4. 0-0 a6 5. Bxc6 dxc6 6. Nxe5 Qd4 7. Nf3 Qd6 8. Re1 Qe6 9. d4 Be7 10. Nc3 0-0 11. Bf4 Bd8 12. Qd2 Nh5 13. Rad1 Qg4 14. Bg3 Nxg3 15. hxg3 Be6 16. d5 cxd5 17. exd5 Bf5 18. Ne5 Qb4 19. b3 Bf6 20. Na4 Qxd2 21. Rxd2 Rfe8 22. Rde2 Bxc2 23. Rxc2 Rxe5 24. Rxe5 Bxe5 25. f4 Bd6 26. Nc5 b6 27. Nb7 Bc5+ 28. Nxc5 bxc5 29. Rxc5 g6 30. Rxc7 Rd8 31. Rc5 Kf8 32. b4 Ke7 33. b5 axb5 34. Rxb5 Ra8 35. Rb2 Kd6 36. Rd2 Ra5 37. Kf2 Rxd5 38. Rxd5+ Kxd5 39. Kf3 f6 40. Kg4 h5+ 41. Kh4 Ke4 42. a4 Kd4 43. g4 hxg4 44. Kxg4 Kc5 45. f5 gxf5+ 46. Kxf5 1-0

[Event "GER-chT U12"]
[Site "Magdeburg"]
[Date "2015.12.27"]
[Round "1.4"]
[White "Schmidt, Paul2"]
[Black "Grunert, Wilhelm"]
[Result "0-1"]
[WhiteElo "1217"]
[BlackElo "1355"]
[PlyCount "66"]
[EventDate "2015.12.27"]
[EventType "team-swiss"]
[EventRounds "7"]
[EventCountry "GER"]
[SourceTitle "EXT 2017"]
[Source "ChessBase"]
[SourceDate "2016.10.25"]
[SourceVersion "1"]
[SourceVersionDate "2016.10.25"]
[SourceQuality "1"]
[WhiteTeam "Hagen"]
[BlackTeam "Muenchen Suedost"]
[WhiteTeamCountry "GER"]
[BlackTeamCountry "GER"]

1. d4 d5 2. Bf4 Nf6 3. e3 Nbd7 4. Nf3 e6 5. c3 Be7 6. Bd3 0-0 7. 0-0 b6 8. Qc2 Bb7 9. Nbd2 Rc8 10. Rfe1 c5 11. dxc5 bxc5 12. Ng5 c4 13. Bxh7+ Kh8 14. Qb1 Ng4 15. Ngf3 f5 16. Bg6 Bh4 17. g3 Bf6 18. Bh5 e5 19. Qxf5 Nxf2 20. Kxf2 exf4 21. Bg4 fxg3+ 22. hxg3 Ne5 23. Qh5+ Kg8 24. Nxe5 Bxe5+ 25. Kg2 d4+ 26. Kh2 Rf2+ 27. Kh3 Bg2+ 28. Kh2 Be4+ 29. Kh3 Rc6 30. Qxe5 Rh6+ 31. Bh5 Bf5+ 32. g4 Rxh5+ 33. Kg3 Qh4# 0-1

[Event "GER-ch U25 op-B"]
[Site "Willingen"]
[Date "2015.05.28"]
[Round "7"]
[White "Grunert, Wilhelm"]
[Black "Youness, Fatima"]
[Result "0-1"]
[WhiteElo "1196"]
[BlackElo "1369"]
[PlyCount "184"]
[EventDate "2015.05.24"]
[EventType "swiss"]
[EventRounds "9"]
[EventCountry "GER"]
[SourceTitle "CBM 166 Extra"]
[Source "ChessBase"]
[SourceDate "2015.06.18"]
[SourceVersion "1"]
[SourceVersionDate "2015.06.18"]
[SourceQuality "1"]

1. e4 e5 2. Nf3 Nc6 3. Bb5 d6 4. h3 Nf6 5. d3 Bd7 6. Bg5 Be7 7. c3 a6 8. Ba4 h6 9. Be3 b5 10. Bc2 d5 11. Nbd2 Be6 12. d4 Bd6 13. dxe5 Nxe5 14. Nxe5 Bxe5 15. f4 Bd6 16. e5 Nd7 17. exd6 Qh4+ 18. Kf1 cxd6 19. Nf3 Qh5 20. Kf2 f5 21. Nd4 Qf7 22. Nxe6 Qxe6 23. Qh5+ g6 24. Qf3 0-0-0 25. Rad1 Nf6 26. Bb3 Ne4+ 27. Ke2 Nf6 28. Bxd5 Nxd5 29. Qxd5 Qxd5 30. Rxd5 Rhe8 31. Rhd1 Kc7 32. Kf3 Re4 33. Bc5 Re6 34. g4 fxg4+ 35. Kxg4 Kc6 36. f5 Re4+ 37. Kf3 Rde8 38. Bxd6 Re3+ 39. Kg2 Re2+ 40. Kf1 gxf5 41. Rxf5 Rxb2 42. Re5 Rd8 43. Re6 Kb7 44. Rxh6 Rxa2 45. h4 a5 46. Re6 a4 47. Ke1 a3 48. Bb4 Ra8 49. Rd7+ Kc8 50. Re8+ Kxd7 51. Rxa8 Ra1+ 52. Kf2 a2 53. h5 Rh1 54. Rxa2 Rh2+ 55. Kg3 Rxa2 56. h6 Ra8 57. Kg4 Ke6 58. Kg5 Rg8+ 59. Kh5 Kf5 60. h7 Rg1 61. Kh6 Rg6+ 62. Kh5 Rg5+ 63. Kh4 Rg1 64. Kh3 Rh1+ 65. Kg2 Rxh7 66. Kf3 Rh3+ 67. Ke2 Ke4 68. Kd2 Kd5 69. Ba3 Kc4 70. Bb4 Rg3 71. Ba5 Rg2+ 72. Kc1 Kb3 73. Bb4 Rc2+ 74. Kb1 Rxc3 75. Ba5 b4 76. Bd8 Rd3 77. Bg5 Rd1+ 78. Bc1 Rxc1+ 79. Kxc1 Ka2 80. Kc2 b3+ 81. Kd3 b2 82. Kd4 b1Q 83. Kd5 Qb4 84. Ke5 Qc4 85. Kd6 Kb3 86. Ke5 Kb4 87. Kd6 Qe4 88. Kc7 Qe5+ 89. Kc6 Kc4 90. Kd7 Kc5 91. Kd8 Kc6 92. Kc8 Qc7# 0-1